Computer Graphics Multimedia Animation (Record no. 26023)

MARC details
000 -LEADER
fixed length control field 00345nam a22001457a 4500
003 - CONTROL NUMBER IDENTIFIER
control field OSt
005 - DATE AND TIME OF LATEST TRANSACTION
control field 20220104153130.0
008 - FIXED-LENGTH DATA ELEMENTS--GENERAL INFORMATION
fixed length control field 220104b |||||||| |||| 00| 0 eng d
020 ## - INTERNATIONAL STANDARD BOOK NUMBER
International Standard Book Number 9788120341272
040 ## - CATALOGING SOURCE
Transcribing agency HU
082 ## - DEWEY DECIMAL CLASSIFICATION NUMBER
Edition number 2nd
Classification number 006.7
100 ## - MAIN ENTRY--PERSONAL NAME
Personal name Pakhira
9 (RLIN) 27124
245 ## - TITLE STATEMENT
Title Computer Graphics Multimedia Animation
942 ## - ADDED ENTRY ELEMENTS (KOHA)
Source of classification or shelving scheme Dewey Decimal Classification
Koha item type Books like text book referance book
Suppress in OPAC No
Holdings
Withdrawn status Lost status Source of classification or shelving scheme Damaged status Not for loan Home library Current library Shelving location Date acquired Total Checkouts Full call number Barcode Date last seen Copy number Price effective from Koha item type
    Dewey Decimal Classification     IoT Library IoT Library General Stacks 01/04/2022   006.7/PAK2010 IOTL0003782 01/04/2022 1 01/04/2022 Books like text book referance book
    Dewey Decimal Classification     IoT Library IoT Library General Stacks 03/11/2022   006.7/PAK2010 IOTL0016090 03/11/2022 2 03/11/2022 Books like text book referance book
    Dewey Decimal Classification     IoT Library IoT Library General Stacks 03/11/2022   006.7/PAK2010 IOTL0016091 03/11/2022 3 03/11/2022 Books like text book referance book
    Dewey Decimal Classification     IoT Library IoT Library General Stacks 03/11/2022   006.7/PAK2010 IOTL0016092 03/11/2022 4 03/11/2022 Books like text book referance book